banner koha

O cafe em Sao Paulo e na Costa do Marfim: um estudo comparativo [Coffea arabica; Pratica cultural; Economia da producao; Produtividade; Comercio exterior; Exportacao; Mercado internacional; Brasil] (Registro n. 268478)

MARC details
000 -LÍDER
campo de controle de tamanho fixo 01348nac a22003737a 4500
001 - NÚMERO DE CONTROLE
campo de controle BR7805623
003 - IDENTIFICADOR DO NÚMERO DE CONTROLE
campo de controle BR-BrBNA
005 - DATA E HORÁRIO DA ÚLTIMA TRANSAÇÃO
campo de controle 20240105114304.0
008 - CAMPO DE DADOS FIXOS--INFORMAÇÃO GERAL
campo de controle de tamanho fixo 230509b bl.|||m| |||| 00| 0 por d
040 ## - FONTE DA CATALOGAÇÃO
Instituição da catalogação original BR-BrBNA
Idioma da catalogação por
Instituição que transcreveu o registro Biblioteca Nacional de Agricultura
072 ## - CÓDIGO DE CATEGORIA DE ASSUNTO
Código de Categoria de Assunto F00; E15; E70
090 ## - NÚMERO DE CHAMADA LOCAL
Número de chamada 2120 BR7805623
100 1# - ENTRADA PRINCIPAL--NOME PESSOAL
Nome pessoal Soro, Y.
110 1# - ENTRADA PRINCIPAL--NOME CORPORATIVO
Nome corporativo ou nome da jurisdição Universidade de Sao Paulo, Sao Paulo (Brasil). Inst. de Geografia
9 (RLIN) 10547
245 1# - TÍTULO
Título O cafe em Sao Paulo e na Costa do Marfim: um estudo comparativo [Coffea arabica; Pratica cultural; Economia da producao; Produtividade; Comercio exterior; Exportacao; Mercado internacional; Brasil]
260 3# - PUBLICAÇÃO, DISTRIBUIÇÃO, ETC.
Local de publicação, distribuição, etc. Sao Paulo, SP (Brasil):
Data da publicação, distribuição, etc. 1978.
300 ## - DESCRIÇÃO FÍSICA
Extensão 152 p.
490 ## - TÍTULO DA SÉRIE
Título da série Teses e Monografias - Universidade de Sao Paulo. Inst. de Geografia (Brazil)
Número do volume ou designação sequencial da série no. 33
ISSN - International Standard Serial Number
500 ## - NOTA GERAL
Nota geral 17 illus.; 29 tables; Bibliography p. 143-148 (118 ref.)
502 ## - NOTA DE DISSERTAÇÃO
Nota de dissertação: Dissertacao (Mestre)
650 ## - ASSUNTO--TERMO TÓPICO
Cabeçalho tópico ou nome geográfico Producao vegetal
650 ## - ASSUNTO--TERMO TÓPICO
Cabeçalho tópico ou nome geográfico Microeconomia
650 ## - ASSUNTO--TERMO TÓPICO
Cabeçalho tópico ou nome geográfico Comercializacao
650 ## - ASSUNTO--TERMO TÓPICO
Cabeçalho tópico ou nome geográfico Cafe
650 ## - ASSUNTO--TERMO TÓPICO
Cabeçalho tópico ou nome geográfico Pratica cultural
650 ## - ASSUNTO--TERMO TÓPICO
Cabeçalho tópico ou nome geográfico Economia da producao
650 ## - ASSUNTO--TERMO TÓPICO
Cabeçalho tópico ou nome geográfico Produtividade
650 ## - ASSUNTO--TERMO TÓPICO
Cabeçalho tópico ou nome geográfico Comercio exterior
650 ## - ASSUNTO--TERMO TÓPICO
Cabeçalho tópico ou nome geográfico Exportacao
650 ## - ASSUNTO--TERMO TÓPICO
Cabeçalho tópico ou nome geográfico Mercado internacional
650 ## - ASSUNTO--TERMO TÓPICO
Cabeçalho tópico ou nome geográfico Costa do Marfim
909 ## -
-- 202312
-- Lúcia Elande
-- 55
-- Lúcia Elande
942 ## - ELEMENTOS DE ENTRADA ADICIONADOS (KOHA)
Fonte da classificação ou esquema de arquivamento na estante Classificação AGRIS
Ocultar no OPAC Não
Tipo de material Koha Monografia Seriada
Exemplares
Situação do descarte Fonte da classificação ou esquema de arquivamento na estante Situação física Não pode ser emprestado Coleção Biblioteca de origem Biblioteca atual Localização na estante Total de empréstimos Número de telefone completo Código de barras Data de último acesso Tipo de material Koha Fonte de aquisição
  Classificação AGRIS       Biblioteca Nacional de Agricultura - Binagri Biblioteca Nacional de Agricultura - Binagri Agrobase - Acervo Geral   2120 BR7805623 2120 BR7805623 18/12/2023 Monografia Seriada Portaria Interministerial nº 164/94

BINAGRI

Telefone: (61)3218-2567/2388/3357/2097 - binagri@agro.gov.br

Ministério da Agricultura e Pecuária , Esplanada dos Ministérios, Bloco D, Anexo B, Brasília/DF, CEP: 70.043-900